Geo Costa Rica: una perspectiva sobre el medio ambiente 2002
Guardado en:
| Institution som forfatter: | |
|---|---|
| Format: | Texto |
| Udgivet: |
San José:
MINAE. PNUMA. Universidad de Costa Rica. Observatorio del Desarrollo
|
| Fag: | |
| Tags: |
Tilføj Tag
Ingen Tags, Vær først til at tagge denne postø!
|
MARC
| LEADER | 00000 a a2200000 04500 | ||
|---|---|---|---|
| 001 | 27347 | ||
| 003 | |||
| 040 | |||
| 090 | |a 184403 | ||
| 110 | |a Costa Rica. Ministerio del Ambiente y Energía. Programa de las Naciones Unidas para el Medio Ambiente | ||
| 245 | |a Geo Costa Rica: una perspectiva sobre el medio ambiente 2002 | ||
| 260 | |a San José: |b MINAE. PNUMA. Universidad de Costa Rica. Observatorio del Desarrollo | ||
| 300 | |a 161 p |b **no definido** |b fonodiscos | ||
| 650 | |a POLITICA AMBIENTAL | ||
| 650 | |a PARTICIPACION POLITICA | ||
| 650 | |a AGENDA 21 | ||
| 999 | |c 6671 |d 6671 | ||
